[Event "Linares"]
[Site "Linares"]
[Date "1994.??.??"]
[Round "?"]
[White "Beliavsky, Alexander G"]
[Black "Kasparov, Garry"]
[Result "1/2-1/2"]
[WhiteElo "2650"]
[BlackElo "2805"]
[Annotator "Beliavsky,A"]
[PlyCount "81"]
[EventDate "1994.??.??"]

{60/537} 1. d4 1... Nf6 2. c4 g6 3. g3 c5 4. Nf3 Bg7 5. Bg2 O-O 6. O-O d6 7.
Nc3 Nc6 8. d5 Na5 9. Nd2 e5 10. b3 10... Bd7 {N} (10... Ng4 {- 35/675}) 11. Bb2
Ng4 12. h3 Nh6 13. e3 f5 14. f4 a6 15. Qc2 b5 16. Nd1 (16. Rae1 b4 17. Nd1
17... Nb7 $132 {a5-a4}) 16... Rb8 17. Bc3 Re8 18. Rb1 Nf7 19. Nf2 exf4 20. exf4
Re3 21. Bxg7 Kxg7 22. Rfe1 Rxe1+ (22... Rxg3 23. Nf1 $16) 23. Rxe1 Qf6 24. cxb5
(24. g4 bxc4 25. g5 Qd4 26. Nf3 26... cxb3 $1 27. axb3 Qb4 28. Qb2+ 28... Kf8
$17) 24... axb5 25. b4 cxb4 26. Qc7 Qd8 27. Qxd8 Rxd8 28. Nd3 28... Rc8 $11 29.
Nxb4 Kf6 30. Kf2 Nd8 31. Bf1 (31. g4 Ndb7 (31... fxg4 $2 32. Ne4+ Kg7 33. Nxd6
Rc7 34. hxg4 $18) 32. g5+ Kf7 33. Bf1 Rc3 34. Re3 Rc1 35. Re1 $11) 31... Ndb7
32. Re3 h6 33. Re1 g5 34. Re3 Rc7 35. Re1 Rc8 36. Re3 Rc7 37. h4 $6 37... g4
38. Re1 Rc3 39. Re3 Rc1 40. Re1 Rc3 41. Re3 1/2-1/2

[Event "Linares"]
[Site "Linares"]
[Date "1994.??.??"]
[Round "?"]
[White "Beliavsky, Alexander G"]
[Black "Kramnik, Vladimir"]
[Result "0-1"]
[WhiteElo "2650"]
[BlackElo "2710"]
[Annotator "Kramnik,V"]
[PlyCount "62"]
[EventDate "1994.??.??"]

{60/216} 1. e4 1... c5 2. Nf3 Nc6 3. d4 cxd4 4. Nxd4 Nf6 5. Nc3 d6 6. Bg5 e6 7.
Qd2 Be7 8. O-O-O O-O 9. f4 Nxd4 10. Qxd4 Qa5 11. Bc4 Bd7 12. Rhe1 Bc6 13. f5 $5
{N} 13... b5 (13... exf5 $5 14. exf5 Qxf5) 14. Bb3 (14. e5 $2 14... dxe5 15.
Rxe5 15... Rad8 $17) 14... b4 15. Ne2 (15. Nd5 $2 15... Nxd5 16. Bxe7 Nxe7 17.
Qxd6 Rae8 18. fxe6 18... fxe6 $19) (15. e5 $2 15... dxe5 16. Rxe5 Qc7 17. Nb5
Bxb5 18. Rxb5 18... Rad8 $36) 15... Ba4 $1 (15... exf5 $2 16. exf5 Qxf5 17. Qh4
h6 18. Nd4 Qxg5+ 19. Qxg5 hxg5 20. Nxc6 $16) (15... h6 $2 16. Bxf6 Bxf6 17.
Qxd6 $16) (15... e5 16. Qe3 h6 17. Bxf6 Bxf6 18. Kb1 Qc7 19. Ng3 {Nh5}) (15...
d5 16. fxe6 fxe6 17. Qe5 $5) (15... Rac8 $14) 16. Kb1 (16. Bxa4 Qxa4 17. Kb1
Rfc8 18. Qd3 h6 19. Bc1 (19. Bh4 exf5 20. exf5 b3) (19. Bxf6 Bxf6 20. fxe6 fxe6
21. Nf4 21... Bxb2 $5 22. Kxb2 Rc3 23. Qe2 Rac8 24. Rd2 Ra3 25. Ra1 25... Qc6
$44 {Beliavsky,A; Kramnik,V}) 19... e5 $132) (16. Qd3 $5 16... exf5 17. Ng3)
16... Bxb3 17. axb3 (17. cxb3 exf5 18. Ng3 fxe4 19. Nxe4 Qf5 20. Ka1 20... Rfe8
$5 21. Bxf6 Bxf6 22. Nxf6+ Qxf6 23. Qxb4 Rxe1 24. Rxe1 $11) 17... Rfc8 (17...
Rac8 $5) 18. Bd2 $2 (18. Bxf6 $1 18... Bxf6 19. Qxd6 19... Rxc2 $1 (19... exf5
$6 20. Rd5 $16) (19... Be5 20. Qd7 Qc5 21. Rd2 {Nc1}) 20. Kxc2 Rc8+ 21. Kb1 (
21. Kd2 $2 21... Rd8 $17) (21. Nc3 $2 21... bxc3 $17 22. e5 22... Qa2 $1 23.
exf6 $2 23... cxb2+ 24. Kd3 b1=Q+ 25. Rxb1 Qc2+ 26. Ke3 (26. Kd4 Qd2+ 27. Ke5
gxf6+) 26... Rc3+ 27. Kf4 Qxf5#) 21... Bxb2 22. Kxb2 Qa3+ 23. Kb1 Qxb3+ 24. Ka1
Qa3+ 25. Kb1 25... Qb3+ $11) 18... Qc7 (18... Rab8 $5 19. Nc1 Rc6 20. c4 bxc3
21. Bxc3 21... Qc7 $15) 19. Qd3 (19. Rc1 e5 20. Qd3 Qb7 21. Ng3 21... h6 $5 $17
{a5-a4}) 19... exf5 20. exf5 d5 (20... Ng4 21. Rc1) 21. Bf4 $6 (21. Bg5 h6 22.
Bxf6 (22. Bh4 a5 23. c3 $5) 22... Bxf6 23. g3 a5 24. Nf4 a4 25. Nxd5 Qa7 26.
Nxf6+ 26... gxf6 $17) (21. Nf4 Bd6 22. g3 22... a5 $40) (21. Nd4 21... Ne4 $17
{Bf6}) 21... Bd6 22. g3 22... a5 $17 23. Bxd6 Qxd6 24. Nf4 (24. Qb5 a4 25. bxa4
Rcb8) 24... a4 $1 25. bxa4 (25. Nxd5 Nxd5 26. Qxd5 Qc7 27. Qc4 Qa7 28. Qd4 axb3
29. Qxa7 29... bxc2+ $19) 25... Rxa4 26. Nxd5 (26. b3 Ra5) 26... Nxd5 (26...
Rca8 $2 27. c4 $1 $13) 27. Qxd5 (27. Qb5 27... Raa8 $8 28. Rxd5 28... Qc7 $17
29. Rc5 Qxc5 30. Re8+ Rxe8 31. Qxc5 Re1#) 27... Qc7 28. Qe4 28... Raa8 $1 29.
Rd4 (29. Rd5 $5) 29... Qa5 30. Kc1 b3 (30... Qa1+ 31. Kd2 31... Qxb2 $17) 31.
c4 (31. c3 Qa1+ 32. Qb1 32... Rxc3+ $19) (31. Re2 Qa1+ 32. Kd2 32... bxc2 $19)
31... Qb4 (31... Qb4 32. Kb1 Qa4 33. Kc1 33... Re8 $19) 0-1

[Event "Linares"]
[Site "Linares"]
[Date "1994.??.??"]
[Round "?"]
[White "Beliavsky, Alexander G"]
[Black "Lautier, Joel"]
[Result "1/2-1/2"]
[WhiteElo "2650"]
[BlackElo "2625"]
[Annotator "Beliavsky,A"]
[PlyCount "67"]
[EventDate "1994.??.??"]

{60/375} 1. d4 1... d5 2. c4 dxc4 3. e4 Nc6 (3... Nf6 {- 60/(375)}) 4. Be3 Nf6
5. Nc3 e5 6. d5 Ne7 7. Bxc4 a6 8. f3 Ng6 9. Nge2 Bd6 10. Qd2 Bd7 11. Ng3 {N} (
11. Bb3 {- 58/414}) 11... h5 12. O-O-O $1 12... h4 13. Nf5 Bxf5 14. exf5 Ne7
15. g4 hxg3 16. hxg3 Rxh1 17. Rxh1 Nxf5 18. Bg5 $1 18... Qd7 19. Bf1 $16 19...
Nd4 (19... O-O-O 20. Bxf6 gxf6 21. Bh3 Rh8 22. Qd1 Kd8 23. Bg4 $16) 20. Rh8+ $2
(20. f4 Nf3 21. Qe2 Nxg5 22. fxg5 22... Ng8 $8 23. Rh8 Kf8 24. Bh3 Qe7 25. Ne4
c6 26. Nf6 gxf6 27. Qh5 Qc7 28. gxf6 cxd5+ 29. Kb1 Ke8 30. Rxg8+ Bf8 31. Rxf8+
Kxf8 32. Qh8# {#}) 20... Bf8 $13 21. Bh3 Qd6 22. f4 Nxd5 23. fxe5 Qxe5 24. Bf4
(24. Rh4 Nxc3 (24... Nf3 25. Qxd5 Qxg5+ 26. Rf4 $1 26... Qxd5 27. Nxd5 $18) 25.
bxc3 (25. Rxd4 25... Qxd4 $19) 25... Ne6 $17) 24... Nxf4 25. gxf4 Qd6 26. Qe1+
(26. Qe3+ Ne6 27. f5 27... Qf4 $17) 26... Qe7 27. Qf2 Ne6 28. Nd5 Qd6 29. f5
Qxd5 30. fxe6 30... Qc4+ $6 (30... f6 31. Qg3 Qc4+ 32. Kb1 Qe4+ 33. Kc1 33...
Rd8 $19) 31. Kb1 Qd3+ (31... f6 32. Qf5) 32. Kc1 Qc4+ (32... f6 $2 33. Qc5 Qd6
34. Qh5+ Kd8 35. Qf7 $6 35... Qc6+ 36. Kd2 Qd5+ 37. Ke3 Qe5+ 38. Kf3 38... Qd5+
$11) 33. Kb1 Qd3+ 34. Kc1 1/2-1/2

[Event "Linares"]
[Site "Linares"]
[Date "1994.??.??"]
[Round "?"]
[White "Beliavsky, Alexander G"]
[Black "Shirov, Alexey"]
[Result "1/2-1/2"]
[WhiteElo "2650"]
[BlackElo "2715"]
[Annotator "Shirov,A"]
[PlyCount "112"]
[EventDate "1994.??.??"]

{60/166} 1. e4 1... c5 2. Nf3 e6 3. d4 cxd4 4. Nxd4 Nf6 5. Nc3 Nc6 6. Ndb5 d6
7. Bf4 e5 8. Bg5 a6 9. Na3 b5 10. Nd5 Be7 11. Bxf6 Bxf6 12. c3 Bb7 (12... Ne7 {
- 60/(166)}) 13. Bd3 13... Nb8 $1 14. Nc2 Nd7 15. a4 {N} (15. Nce3 {- 52/(170)}
) 15... bxa4 16. Rxa4 16... Bg5 $1 (16... Rb8 17. Nxf6+ Nxf6 (17... Qxf6 $6 18.
Bxa6 $16 18... Bc6 $2 19. Rc4 Nc5 20. b4 $1 20... Nxe4 21. Qf3 $18) 18. O-O $14
) 17. O-O O-O 18. Ra2 18... a5 $6 (18... Nc5 $6 19. b4 $1 19... Bxd5 20. exd5
Nxd3 21. Qxd3 $14 {a6}) (18... Nb6 $11) 19. Bc4 $1 19... Nb6 (19... Nc5 20. Qe2
$14) 20. Nxb6 Qxb6 21. Qd3 Rac8 22. Rd1 (22. Rfa1 Rc5 23. b3 {Ne3} (23. b4 axb4
24. cxb4 24... Rc7 $13)) 22... Rfd8 23. b3 23... g6 $1 24. Rda1 $6 (24. Ne3
Bxe3 25. fxe3 25... Kg7 $13) 24... Rc5 25. Ne3 Bxe3 26. Qxe3 26... Bxe4 $3 $15
27. Bxf7+ $1 (27. Rxa5 $2 27... Rxa5 28. Qxb6 Rxa1+ 29. Bf1 29... Rd7 $17) (27.
Qxe4 $6 27... d5 28. Bxd5 Rcxd5 29. Qc2 29... e4 $1 $17) 27... Kxf7 28. Qxe4
Qxb3 29. Qh4 $1 29... Rh8 30. Qh3 30... Rd5 $6 (30... Qb5 $15 {Beliavsky,A})
31. Qf3+ Kg7 32. Ra3 $1 32... Qb5 33. Rxa5 $6 (33. c4 $5 $142 33... Qxc4 34.
Rc3 Qd4 35. Rc7+ 35... Kh6 $13) 33... Qxa5 34. Rxa5 34... Rxa5 {Q 6/c} 35. Qb7+
Kf6 (35... Kh6 36. h4 $1 36... Rf8 $2 37. f3 $1 {g4+-}) 36. h4 36... Rc5 $6 (
36... h5 $13 $142) 37. Qd7 $1 37... Rd5 $8 38. g4 38... h6 $8 39. c4 $6 (39.
Kg2 $142 39... Rd3 $1 (39... Rf8 $6 40. Qh7 $1) 40. c4 Rd4 41. f3 41... Ra8 $1
$11) 39... Rd4 40. Kg2 Rf8 41. f3 $1 $11 41... Rf7 42. g5+ hxg5 43. hxg5+ Kg7
44. Qh3 Rd2+ 45. Kg1 Rf5 46. Qh6+ Kf7 47. Qh7+ Kf8 48. Qxg6 $1 48... Rxf3 49.
Qh6+ Ke7 50. g6 $1 50... Rg3+ 51. Kf1 Rd1+ 52. Kf2 Rdg1 53. Qg7+ (53. Qh4+ $5
53... Ke6 54. Qxg3 Rxg3 55. Kxg3 Kf6 56. Kf3 Kxg6 57. Ke4 Kf6 58. Kd5 Ke7 59.
c5 dxc5 60. Kxe5 $11) 53... Kd8 54. Qf8+ Kc7 55. Qe7+ Kc6 56. Qe8+ Kc7 (56...
Kc7 57. Qe7+ $11) (56... Kc5 $4 57. Qb5+ Kd4 58. Qd5+ Kc3 59. c5 $1 $18)
1/2-1/2

[Event "Linares"]
[Site "Linares"]
[Date "1994.??.??"]
[Round "?"]
[White "Gelfand, Boris"]
[Black "Karpov, Anatoly"]
[Result "0-1"]
[WhiteElo "2685"]
[BlackElo "2740"]
[Annotator "Karpov,An"]
[PlyCount "104"]
[EventDate "1994.??.??"]

{60/519} 1. e4 1... c6 2. d4 d5 3. exd5 cxd5 4. c4 Nf6 5. Nc3 e6 6. Nf3 Bb4 7.
Bd3 dxc4 8. Bxc4 O-O 9. O-O b6 (9... Nbd7 {- 60/(519)}) 10. Bg5 Bb7 11. Re1
Bxc3 12. bxc3 Nbd7 13. Bd3 Qc7 14. Rc1 14... Qd6 {N} (14... Rfe8 {- 58/599})
15. Bh4 Rfc8 16. Bg3 Qa3 (16... Qd5 17. c4 Qh5 18. Nd2 $1 $16) 17. c4 Nf8 (
17... Qxa2 $6 18. Ra1 Qb2 19. Bd6 $1 19... Bxf3 20. gxf3 g6 21. Bf1 {
22. Ba3 Qc3 23. Re3 Qa5 24. Be7, 22. Re2 Qc3 23. Re3 Qb2 24. Ba3}) 18. Ne5 $1
18... Ng6 19. Re3 Qf8 20. f4 (20. h4 $5 20... Ne7 21. h5 21... b5 $13) 20...
Qd8 $1 21. Bb1 Ne7 22. Bh4 Ng6 23. Bg5 (23. Bxg6 hxg6 24. Ng4 24... Nxg4 $1 25.
Bxd8 Nxe3 26. Qd3 26... Nxc4 $44) 23... b5 $5 $132 24. Bxg6 hxg6 25. Rh3 Rc7
26. d5 $6 26... exd5 27. c5 27... Bc8 $15 28. Rb3 Qe8 29. Qd4 Bf5 30. Re3 Qf8
31. Bxf6 gxf6 32. Nf3 Be4 (32... Rac8 $5 33. Rec3 Qe7 34. Qxd5 34... b4 $1) 33.
Nd2 f5 34. Rec3 34... a5 $1 (34... Qg7 35. Nb3 Qxd4+ 36. Nxd4 a6 37. Ra3 $44)
35. c6 Qb4 36. Nb3 (36. Qf6 36... Qb2 $1 {b4}) 36... Qd6 37. Qf2 (37. Rh3 37...
f6 $8 38. Qf2 38... g5 $5 (38... Rxc6 39. Rxc6 Qxc6 40. Qh4 $1 40... Qb6+ 41.
Kh1 Kf7 42. Qh7+ Ke6 43. Rc3 $1 $40) (38... Rh7 $5 $13) 39. Nd4 (39. fxg5 fxg5
40. Qd4 40... Rg7 $17) 39... b4 $5 (39... Qxf4 40. Qxf4 gxf4 41. Nxb5 41... Rg7
{g2}) 40. fxg5 (40. Nb5 40... Rxc6 $1 $19) 40... fxg5 41. Nxf5 41... Qf4 $5 42.
Qb2 $1 $13) 37... b4 $17 38. Rc5 a4 39. Nd4 39... Bd3 $1 40. Qd2 Bc4 41. Qxb4
41... Qxf4 $19 42. Qc3 Re8 43. Rd1 Re3 44. Qc1 Qe4 45. Qa1 45... Rc8 $1 46. Ra5
Ra3 47. Qb1 Qe3+ 48. Kh1 Rxa2 49. Nf3 Bb3 50. Qc1 f4 51. Re1 Rc2 52. Qa1 52...
Qb6 $1 0-1

[Event "Linares"]
[Site "Linares"]
[Date "1994.??.??"]
[Round "?"]
[White "Gelfand, Boris"]
[Black "Kasparov, Garry"]
[Result "1/2-1/2"]
[WhiteElo "2685"]
[BlackElo "2805"]
[Annotator "Gelfand,B"]
[PlyCount "97"]
[EventDate "1994.??.??"]

{60/397} 1. d4 1... d5 2. c4 e6 3. Nc3 Be7 4. cxd5 exd5 5. Bf4 Nf6 6. e3 Bf5 7.
Nge2 O-O 8. Ng3 Be6 9. Bd3 c5 10. dxc5 Bxc5 11. O-O Nc6 12. Rc1 Bd6 13. Nge2 $1
{N} (13. Nh5 {- 57/398}) 13... Rc8 (13... d4 14. Bxd6 Qxd6 15. Nb5 $16) (13...
Bxf4 14. Nxf4 d4 15. Nxe6 fxe6 16. exd4 Nxd4 17. Bb1 $14) 14. Bb1 Bxf4 (14...
a6 $5) 15. Nxf4 Bg4 (15... Qd6 $5 16. Nb5 $14) 16. f3 (16. Qd3 d4 17. Ncd5
17... g6 $13) 16... Be6 17. Qd2 Qe7 (17... d4 18. Nxe6 fxe6 19. exd4 $14) 18.
Nb5 a6 (18... Rfd8 $14) 19. Nd4 Ne5 (19... Bd7 $14) 20. b3 Bd7 21. g4 $1 21...
Ng6 (21... h6 22. h4 $36) (21... Be6 $5 22. g5 22... Nfd7 $14) 22. Ng2 $1 22...
Ne8 $2 (22... Rfd8 $14) 23. Rxc8 Bxc8 24. Rc1 24... Nd6 $2 (24... Bd7 $16) 25.
Bxg6 (25. Qa5 Be6 26. Rc7 $16) 25... hxg6 (25... fxg6 26. Nf4 Qf7 27. Qb4 Nb5
28. Nxb5 axb5 29. Qd6 $18) 26. Nf4 $18 26... Re8 27. Nxd5 Qg5 28. Nf4 Qe5 29.
Ng2 g5 30. Qb4 Nb5 (30... Qf6 31. Qb6) 31. Nxb5 axb5 32. Qd4 Qe7 33. Qc5 Qf6
34. Qxb5 Rd8 35. Qe2 Be6 (35... Qd6 36. Rc4 $1 36... Qd1+ 37. Qxd1 Rxd1+ 38.
Kf2 Rd2+ 39. Kg3 Be6 40. Rb4 Rxa2 41. Rxb7 Rb2 42. b4 Bc4 43. e4) 36. Qf2 (36.
Rd1 Rxd1+ (36... Rc8 37. Qf2) 37. Qxd1 Qb2 38. Qd8+ Kh7 39. Qxg5 Qb1+ 40. Kf2
Qxa2+ 41. Kg3 41... Qxb3 $16) (36. Ne1 $1 36... Qe5 37. Nd3 Qb5 38. Rc3) 36...
Rd3 37. h4 gxh4 38. Nxh4 g5 39. Ng2 Qe5 40. Qc2 $4 (40. e4 $1 40... Qd6 41. Re1
Rd2 42. Re2 Rd1+ 43. Ne1 Qf4 (43... Bd7 44. e5 Qe7 45. Qe3 $18) 44. Kg2 Qc1 45.
Kh3 $1 45... b5 46. Qe3 Qxe3 47. Rxe3 Rd2 48. a3 $18) 40... Qd6 41. Ne1 (41.
Qc7 $4 41... Rd1+ 42. Kf2 42... Qd2+ $19) (41. Qb2 41... Bd7 $1 $36 (41... Rd2
42. Qf6 Rxg2+ 43. Kxg2 Qd2+ 44. Kg3 Qxc1 45. Qxg5+ $11)) 41... Rxe3 42. Qf2 Qe5
(42... Re5 43. Ng2 $14) 43. Ng2 Re2 (43... Rd3 44. Re1 $14) 44. Re1 Rxf2 45.
Rxe5 Rxf3 46. Ne3 (46. Rxg5+ Kf8 47. Rb5 Rg3 48. Kf2 Rxg4 49. Ne3 (49. Rxb7 $4
49... Rxg2+ $1) 49... Rd4 $11) 46... Bd7 47. Rxg5+ Kf8 48. Nf5 Bxf5 49. gxf5
1/2-1/2

[Event "Linares"]
[Site "Linares"]
[Date "1994.??.??"]
[Round "?"]
[White "Gelfand, Boris"]
[Black "Polgar, Judit"]
[Result "1/2-1/2"]
[WhiteElo "2685"]
[BlackElo "2630"]
[Annotator "Polgar,Zs"]
[PlyCount "63"]
[EventDate "1994.??.??"]

{60/588} 1. d4 1... Nf6 2. Nf3 g6 3. c4 Bg7 4. Nc3 O-O 5. e4 d6 6. Be2 e5 7.
O-O Nc6 8. d5 Ne7 9. Ne1 Ne8 10. f3 (10. Nd3 {- 60/(588)}) 10... f5 11. Nd3
11... f4 $5 {N} (11... h5 {- 58/680}) 12. g4 Bf6 13. Bd2 h5 14. h3 (14. gxh5
14... g5 {Kf7, Rh8}) 14... Kg7 (14... Bh4 $5 15. Be1 Bxe1 16. Qxe1 16... g5 $13
) 15. Be1 Rh8 16. Kg2 Ng8 (16... hxg4 17. hxg4 Bh4 18. Bxh4 Rxh4 19. Rh1 Rxh1
20. Qxh1 20... g5 $13) 17. Bf2 (17. Rh1 $5) 17... Bh4 18. Qe1 Bxf2 19. Qxf2 g5
20. Rh1 Ne7 21. Rag1 (21. c5 $1) 21... Ng6 (21... b6 $5) 22. c5 Bd7 23. b4 Nf6
24. Nb2 Rh6 25. Nc4 Qh8 26. b5 (26. cxd6 cxd6 27. Nxd6 hxg4 28. hxg4 Nh4+ 29.
Kf1 Nxg4 30. fxg4 (30. Qc5 Ne3+ 31. Ke1 Nhg2+ 32. Kd2 Rxh1 33. Rxh1 Qxh1 34.
Qc7 Qe1+ 35. Kd3 Qc1 36. Qxd7+ 36... Kh6 $19) 30... Rxd6 $17) 26... b6 27. c6
Be8 28. a4 Nh4+ (28... Bf7 29. a5 (29. Qe1 Qh7 30. Nd1 Nh4+ 31. Kf1 31... Nxe4
$1) 29... Qh7 30. h4 hxg4 31. hxg5 31... Rh3 $1 32. gxf6+ 32... Kxf6 $19 {Rh8})
29. Kf1 Ng6 30. Qg2 $1 30... Nh4 (30... Bf7 $2 31. h4 $1) 31. Qf2 Ng6 32. Qg2
1/2-1/2

[Event "Linares"]
[Site "Linares"]
[Date "1994.??.??"]
[Round "?"]
[White "Illescas, Cordoba Miguel"]
[Black "Anand, Viswanathan"]
[Result "0-1"]
[WhiteElo "2590"]
[BlackElo "2715"]
[Annotator "Anand,V"]
[PlyCount "80"]
[EventDate "1994.??.??"]

{60/129} 1. e4 1... c6 2. d4 d5 3. exd5 cxd5 4. Bd3 Nc6 5. c3 {Bf4} 5... Qc7 $1
6. Bg5 6... Nf6 {N} (6... g6 {- 51/(132)}) 7. Nd2 Bg4 8. Ngf3 e6 9. Bh4 Bd6 10.
Bg3 Bh5 (10... Nh5 $6 11. Bxd6 $1 (11. O-O $2 11... Nxg3 12. hxg3 12... h5 $17)
11... Qxd6 12. h3 $1 12... Bxf3 (12... Nf4 13. hxg4 $1 (13. Bf1 Bf5) 13...
Nxd3+ 14. Kf1 Nxb2 (14... Nf4 15. g3 Ng6 16. g5 $1 {h7}) 15. Qb3 Nc4 16. Nxc4
dxc4 17. Qxb7 Rb8 18. Qa6 $14 18... Qd5 19. Rh5 $1) 13. Nxf3 $14) 11. Bxd6 Qxd6
12. O-O O-O 13. Re1 Rab8 14. a4 Qc7 (14... a6 15. a5) 15. Qb1 a6 16. Ne5 16...
Rfe8 $1 17. h3 (17. Nxc6 $2 17... bxc6 $1 18. Bxa6 18... Qb6 $15) 17... Bg6 $1
18. Bxg6 (18. Nxg6 hxg6 19. Nf3 19... e5 $15) 18... hxg6 19. Qd3 Nxe5 20. dxe5
$6 (20. Rxe5 $1 20... Rec8 $11 {Ne8-d6}) 20... Nd7 21. Qd4 Rec8 22. Re3 22...
Qb6 $1 $15 23. Qxb6 Nxb6 24. h4 Kf8 25. g3 Ke7 26. b3 $2 (26. f4) 26... Rc7 27.
a5 (27. Nf3 Rbc8 28. Rc1 d4 (28... Nd7 $5) 29. Nxd4 29... Nd5 $17) 27... Nd7
28. c4 Rbc8 29. Kg2 (29. cxd5 Rc1+ 30. Rxc1 Rxc1+ 31. Kg2 31... exd5 $17 {
a5, b3, e5}) 29... Nb8 $1 30. Ra4 (30. cxd5 exd5 31. Ra4 (31. e6 f6) 31... Rc3
$1) 30... Rd8 $1 (30... Nc6 31. cxd5 exd5 32. e6 $1 32... fxe6 33. Rg4) 31. f4
31... Nc6 $17 32. Rd3 Rcd7 33. c5 f6 34. Nf3 34... d4 $1 35. exf6+ (35. Kf2 Rd5
) 35... gxf6 36. Nd2 e5 37. Ne4 (37. fxe5 $2 37... Nxe5 $1) 37... Rd5 $1 (37...
f5 $6 38. Nd6 e4 39. Rdxd4 Nxd4 40. Rxd4 $17) 38. fxe5 Rxe5 39. Nd6 Rxc5 40.
Nxb7 $2 (40. Nc4) 40... Rc2+ (40... Rc2+ 41. Kh3 Rb8) 0-1

[Event "Linares"]
[Site "Linares"]
[Date "1994.??.??"]
[Round "?"]
[White "Illescas, Cordoba Miguel"]
[Black "Gelfand, Boris"]
[Result "1-0"]
[WhiteElo "2590"]
[BlackElo "2685"]
[Annotator "Illescas Cordoba,M"]
[PlyCount "59"]
[EventDate "1994.??.??"]

{60/569} 1. Nf3 1... Nf6 2. c4 g6 3. Nc3 Bg7 4. e4 d6 5. d4 O-O 6. Be2 e5 7. d5
a5 8. Bg5 h6 9. Bh4 Na6 10. O-O Qe8 11. Nd2 Nh7 12. a3 Bd7 13. Kh1 h5 14. f3
Bh6 15. b3 Be3 16. Qc2 16... c6 $5 {N} 17. Bf2 Bxf2 18. Rxf2 18... Qd8 $11 19.
Rff1 (19. f4 $5) 19... Nf6 (19... Qg5) 20. Qb2 {b4} (20. f4 $5) 20... h4 $5 21.
f4 (21. b4 21... Nh5 $40) 21... h3 22. g3 (22. fxe5 hxg2+ 23. Kxg2 dxe5 24.
dxc6 24... bxc6 $15) 22... Ng4 23. f5 $1 23... Ne3 (23... gxf5 24. exf5 Ne3 25.
Rf3 (25. f6 $5) 25... Nxf5 26. Nde4 $44) (23... Qg5 24. Bxg4 $1 24... Qxg4 25.
f6 $13) 24. Rf3 Qb6 (24... Qg5 25. Qc1 $1 $14) 25. Nf1 (25. Nd1 $1 $14) 25...
Ng4 26. Qd2 $1 26... Kg7 $2 (26... Nf2+ $2 27. Rxf2 Qxf2 28. Ne3 Nc5 29. Rf1
Nxb3 30. Qd3 Nc5 31. Rxf2 Nxd3 32. Bxd3 $18) (26... f6 $8 27. Ne3 (27. fxg6
Nf2+ 28. Rxf2 Qxf2 29. Ne3 29... Bg4 $1 30. Rd1 (30. Rf1 $2 30... Bf3+ $19)
30... Bxe2 31. Qxe2 Qxe2 32. Nxe2 32... Nc5 $17) 27... Nxe3 28. Rxe3 $13) 27.
Qg5 Nf2+ (27... Nf6 $16) 28. Rxf2 Qxf2 29. Ne3 $18 29... Be8 30. f6+ $1 1-0

[Event "Linares"]
[Site "Linares"]
[Date "1994.??.??"]
[Round "?"]
[White "Illescas, Cordoba Miguel"]
[Black "Karpov, Anatoly"]
[Result "0-1"]
[WhiteElo "2590"]
[BlackElo "2740"]
[Annotator "Karpov,An"]
[PlyCount "126"]
[EventDate "1994.??.??"]

{60/16} 1. Nf3 1... Nf6 2. c4 b6 (2... e6 {- 60/(16)}) 3. g3 Bb7 4. Bg2 e6 5.
Nc3 Bb4 6. O-O O-O 7. Qc2 Re8 8. d4 Bxc3 9. Qxc3 d6 10. b3 $5 {N} (10. Rd1 {
- 57/14}) 10... Nbd7 11. Bb2 Be4 (11... Ne4 12. Qc2 f5 13. Rad1 (13. d5 exd5
14. Nd4 $5) 13... Ndf6 14. Nh4 $5 (14. Ne1 $14)) 12. Rac1 {d5} 12... Rc8 $8 13.
Rfd1 c6 14. Qb4 $5 14... Qc7 (14... Qe7 15. Ba3 c5 16. Qd2 $14) 15. Qd2 Qb7 16.
Qf4 d5 17. Bf1 b5 (17... h6 18. Nd2 18... Bg6 {19. f3?! c5} 19. Bg2 $14 (19.
Ba3 $6 19... Qa6 20. Bd6 Qxa2 21. Ra1 21... Qb2 $1 22. Rdc1 c5)) 18. cxb5 (18.
c5 b4 19. Nd2 19... Bg6 $14) 18... cxb5 19. Ne1 Qa6 20. a3 h6 21. Rxc8 (21. Nd3
Rxc1 22. Bxc1 22... Rc8 $132) 21... Rxc8 22. Rc1 Nb8 23. e3 (23. Rc7 $5 23...
Nc6 24. e3 Rxc7 25. Qxc7 25... Ne8 $8 (25... Qa5 $6 26. Qxa5 (26. Qc8+ Kh7 27.
b4 Qb6 28. Nd3 $16) 26... Nxa5 27. Bxb5 Nxb3 28. Bc3 $16) 26. Qd7 Nf6 27. Qd6
Qb7 28. Nd3 $16) 23... Rxc1 24. Bxc1 Qb6 25. Bd2 Nbd7 26. Bb4 $2 (26. g4 $14)
26... a5 $1 $17 (26... e5 27. Qh4 exd4 28. exd4 Qxd4 29. Bxb5) 27. Be7 27... e5
$1 28. Qh4 $8 (28. dxe5 28... g5 $19) 28... exd4 29. Qf4 $8 29... dxe3 30. Qxe3
d4 31. Qf4 Qc6 (31... Bd5 32. Nc2 $1 32... Bxb3 33. Nxd4 $15) 32. Bxf6 Nxf6 33.
Qb8+ Kh7 34. Qxb5 Qc1 35. Nd3 35... Qd1 $6 (35... Qxa3 $17) 36. Nc5 $8 (36. Ne5
36... Ng4 $1 $19) 36... Bg6 (36... Qf3 37. Nxe4 Nxe4 38. Qe2) 37. Kg2 $2 (37.
b4 $5 37... Ne4 38. Nxe4 Bxe4 39. Qe2 Qxe2 40. Bxe2 Bc2 41. Bf3 axb4 42. axb4
d3 43. Be4+ g6 44. g4 $11) 37... Ne4 38. Be2 Qe1 39. Nxe4 Bxe4+ 40. f3 $8 (40.
Bf3 40... d3 $19) 40... Bg6 41. h4 h5 42. f4 $8 42... Be4+ 43. Bf3 g6 (43...
Qd2+ 44. Kh3 Bxf3 45. Qf5+ $11) 44. Bxe4 44... Qxe4+ {Q 4/l} 45. Kf2 Qe3+ 46.
Kg2 d3 47. Qc4 Qe2+ 48. Kg1 Qd1+ 49. Kf2 Qd2+ 50. Kf1 Qd1+ 51. Kf2 Qe2+ 52. Kg1
Kg8 53. Qc8+ Kg7 54. Qc4 (54. Qc3+ Kf8 55. Qc5+ 55... Ke8 $19) 54... Kf8 55.
Qc5+ Ke8 56. Qc6+ Ke7 57. Qc5+ Ke6 58. Qf2 Qd1+ 59. Kg2 Qxb3 (59... Qc2 60. Kf3
$8 60... Qc6+ 61. Ke3 Qc5+ 62. Kf3 Qd5+ 63. Ke3 63... Qxb3 $19) 60. Qe1+ (60.
Qe3+ Kd7 61. Qd4+ Kc6 62. Qf6+ 62... Kb5 $19) 60... Kd7 61. Qxa5 Qc2+ 62. Kh3
d2 63. Qd5+ Kc8 0-1

[Event "Linares"]
[Site "Linares"]
[Date "1994.??.??"]
[Round "?"]
[White "Illescas, Cordoba Miguel"]
[Black "Lautier, Joel"]
[Result "1-0"]
[WhiteElo "2590"]
[BlackElo "2625"]
[Annotator "Illescas Cordoba,M"]
[PlyCount "77"]
[EventDate "1994.??.??"]

{60/23} 1. c4 1... e5 2. Nc3 d6 3. Nf3 f5 4. d4 e4 5. Ng5 Be7 6. Nh3 c6 7. g3
Nf6 (7... Nd7 {- 60/(23)}) 8. Bg2 O-O 9. O-O Na6 10. f3 $1 {N} (10. d5 {
- 56/28, 29}) 10... d5 (10... exf3) (10... Nc7) 11. cxd5 cxd5 12. Qb3 12... Qb6
$1 13. Qxb6 axb6 14. Bg5 Be6 15. Nf4 Bf7 16. a3 $1 $14 {Na6} 16... Rfd8 $6 (
16... Rad8 $142) 17. Bh3 $1 17... g6 (17... h6 18. Bxf6 Bxf6 19. e3 g6 (19...
g5 $2 20. Nfe2 $16) 20. g4 fxg4 21. Bxg4 $16) 18. g4 $1 18... fxg4 19. fxg4 (
19. Bxg4 $5) 19... Kg7 20. Bh4 $1 20... Rd6 (20... h6 $5 21. g5 $8 21... hxg5
22. Bxg5 22... Rd6 $14) 21. Bg3 (21. Rf2 $5) 21... Rad8 22. Ng2 $1 22... Rc6
23. Rf2 Nd7 (23... h6 24. Raf1 Rf8 25. Be5 Bg8 26. Ne3 Rd8 27. Bg2 Nc7 28. h4
$16) 24. Raf1 24... Rf6 $2 (24... Rf8 25. Ne3 $16) (24... Bg8 $8 25. e3 $14 {
Nf4, Bg2, h4}) 25. Nf4 $1 $18 25... Rxf4 (25... Nf8 26. g5 Rf5 27. Nh5+) 26.
Bxf4 Be6 27. Bg2 $1 (27. Kg2 $6 27... g5 $1 $132) 27... Bh4 28. Bg3 Bg5 29. Nd1
Bxg4 30. h4 $1 30... Bf6 (30... Bc1 31. Kh2 Rc8 32. Bh3 Bxh3 33. Kxh3) 31. e3
Rc8 32. Nc3 Be6 33. Kh2 Rc6 34. Bh3 Bxh3 35. Kxh3 Nc7 36. Bxc7 Rxc7 37. Nxd5 (
37. Rxf6 $4 37... Nxf6 38. Rxf6 38... Rxc3 $11) 37... Rc6 38. Rf4 Re6 39. Nc3
1-0